000 01224cam a22003497a 4500
003 CHAP
005 20220329133230.0
008 971013s r 00010 d
010 _a3697
011 _a4669
035 _a3873
040 _cCHAP
090 _aR-3217
100 0 0 _aJuliano, Bienvenido O.
_962325
245 0 _aRice and corn technology and policy in the Philippines
500 _aSobretiro de: Transactions op the National Academy of Science and Technology, Republic of the Philippines 8: 5-35, 1986
590 _aBATCH-UPD
_b10
_c20130110
_lUCH01
_h0047
590 _aBATCH-UPD
_b10
_c20130110
_lUCH01
_h2013
590 _aBATCH-UPD
_b10
_c20130409
_lUCH01
_h2033
590 _aBATCH-UPD
_b10
_c20130410
_lUCH01
_h1332
590 _aBATCH-UPD
_b10
_c20130914
_lUCH01
_h0407
590 _aBATCH-UPD
_b10
_c20130914
_lUCH01
_h2108
590 _aCONVERSION
_b10
_c20130109
_lUCH01
_h1303
650 1 4 _aAgricultura
_xInnovaciones tecnológicas.
_91565
650 1 4 _aArroz
_xFilipinas.
_97610
650 1 4 _aMaíz
_xFilipinas.
_970957
650 1 4 _aPolítica arrocera
_xFilipinas.
_990436
700 0 _aGonzáles, Leonardo A.
_948646
901 _aBK
942 _cREIMP
949 _aR-3217
_bBC
_cR
_d-13403
_eTS1
_i3873
_mD
_si
999 _c3697
_d3697